Sports Quiz

Random Sports or Football Quiz

NFL 1st Round RBs (2000-present) Quiz Stats

 Plays Quiz Updated Sep 27, 2018

Challenge
Share
Tweet
Embed
Score 0/47 Timer 07:00
10 Plays Today
Year Running Back % Correct
2007Adrian Peterson
93.7%
2008Chris Johnson
90.9%
2003Larry Johnson
90%
2018Saquon Barkley
89%
2006DeAngelo Williams
88.9%
2005Carnell 'Cadillac' Williams
88.3%
2016Ezekiel Elliott
87%
2006Reggie Bush
85.8%
2015Todd Gurley
84.8%
2004Steven Jackson
84.1%
2008Felix Jones
83.7%
2000Thomas Jones
82.8%
2004Kevin Jones
82.8%
2017Leonard Fournette
82.5%
2008Darren McFadden
81.1%
2005Ronnie Brown
80.4%
2001LaDainian Tomlinson
80.4%
2009Donald Brown
80.3%
2006Joseph Addai
79.5%
2008Rashard Mendenhall
78.9%
2000Jamal Lewis
78%
2015Melvin Gordon
77%
2012Doug Martin
75.4%
2008Jonathan Stewart
75.3%
Year Running Back % Correct
2018Sony Michel
75.2%
2012Trent Richardson
75%
2000Shaun Alexander
74.4%
2017Christian McCaffrey
72.9%
2007Marshawn Lynch
72.1%
2010C.J. Spiller
72.1%
2009Chris 'Beanie' Wells
69.3%
2005Cedric Benson
69.1%
2010Jahvid Best
67.6%
2010Ryan Mathews
67.3%
2009Knowshon Moreno
66%
2018Rashaad Penny
61.3%
2006Laurence Maroney
57.2%
2003Willis McGahee
52.2%
2001Deuce McAllister
50.7%
2012David Wilson
49.7%
2011Mark Ingram
37.5%
2002William Green
36.7%
2000Ron Dayne
34.6%
2002T.J. Duckett
25.5%
2001Michael Bennett
21.1%
2004Chris Perry
17.3%
2000Trung Canidate
12.8%

You're not logged in!

Compare scores with friends on all Sporcle quizzes.
OR
Log In

You Might Also Like...

Show Comments

Extras

Top Quizzes Today


Score Distribution

Your Account Isn't Verified!

In order to create a playlist on Sporcle, you need to verify the email address you used during registration. Go to your Sporcle Settings to finish the process.

Report this User

Report this user for behavior that violates our Community Guidelines.

Details: